The rods and the axe /

Driving the Tauran Union from his adopted country, Patricio Carrera plots to defeat his enemies by provoking the Empress of the Zhong Guo into completing the war by defeating the Marine's strategically essential fortress of Isla Real.

Bibliographic Details
Main Author: Kratman, Tom (Author)
Format: Book
Language:English
Published: Riverdale, NY : Baen, [2015]
Subjects:

MARC

Tag First Indicator Second Indicator Subfields
LEADER 00000cam a2200000Ii 4500
001 in00003965586
005 20180214075619.0
008 150821r20152014nyu 000 1 eng d
035 |a (OCoLC)ocn919000580 
040 |a JBO  |b eng  |e rda  |c JBO  |d OCLCO  |d OCLCQ  |d OCLCF  |d OCLCO  |d XOL  |d TXA 
020 |a 9781476780740  |q (pbk.) 
020 |a 1476780749  |q (pbk.) 
035 |a (OCoLC)919000580 
050 1 4 |a PS3611.R375  |b R64 2015 
082 0 4 |a 813/.6  |2 23 
049 |a TXAM 
100 1 |a Kratman, Tom,  |e author. 
245 1 4 |a The rods and the axe /  |c Tom Kratman. 
264 1 |a Riverdale, NY :  |b Baen,  |c [2015] 
300 |a 671 pages ;  |c 18 cm 
336 |a text  |b txt  |2 rdacontent 
337 |a unmediated  |b n  |2 rdamedia 
338 |a volume  |b nc  |2 rdacarrier 
520 |a Driving the Tauran Union from his adopted country, Patricio Carrera plots to defeat his enemies by provoking the Empress of the Zhong Guo into completing the war by defeating the Marine's strategically essential fortress of Isla Real. 
541 0 |a Donated by Hal Hall  |d 20151109 
650 0 |a Space warfare  |v Fiction. 
650 7 |a Space warfare.  |2 fast  |0 (OCoLC)fst01128112 
655 7 |a Science fiction.  |2 gsafd 
655 7 |a Fiction.  |2 fast  |0 (OCoLC)fst01423787 
775 0 8 |i Reproduction of (manifestation):  |a Kratman, Tom.  |t Rods and the axe.  |d Riverdale, New York : Baen Publishing Enterprises : Distributed by Simon & Schuster, [2014]  |w (DLC) 2014013092 
948 |a cataloged  |b h  |c 2018/2/6  |d c  |e ljohnson  |f 2:56:24 pm 
994 |a C0  |b TXA 
999 f f |s 88aca451-f5a4-3885-9f64-39e573a7986d  |i 13e68de5-d2cc-3291-a03c-90fe4f2007db  |t 0 
952 f f |p noncirc  |a Texas A&M University  |b College Station  |c Cushing Memorial Library & Archives  |d Cushing: Science Fiction (Does not check out)  |t 0  |e PS3611.R375 R64 2015  |h Library of Congress classification  |i unmediated -- volume 
998 f f |a PS3611.R375 R64 2015  |t 0  |l Cushing: Science Fiction (Does not check out)